000 00585cam a22002053a 4500
001 46035
003 PGUSA
005 20140828084057.0
008 140619s2014||||xxu|||||s|||||000 | eng d
040 _aPGUSA
_beng
042 _adc
100 1 _aMarshall, Archibald,
_d1866-1934
245 1 2 _aA Spring Walk in Provence
_h[electronic resource] /
_cArchibald Marshall
260 _bProject Gutenberg,
_c2014
506 _aPublic domain in the USA.
516 _aElectronic text
830 0 _aProject Gutenberg
_v46035
856 4 0 _uhttp://www.gutenberg.org/ebooks/46035
942 _cEB
999 _c275284
_d275284